000 01295nam0a2200337 4500
001 RU\NLR\bibl\1118923
005 20250615064157.0
010 _a978-5-364-00504-5
_950
021 _aRU
_b2007-45878
_92446
021 _aRU
_b2007-93668
_95057
035 _a(NLR Aleph) 001105915
090 _a1207628
_c1207628
100 _a20070820d2007 |||y0rusy50 ca
101 0 _arus
102 _aRU
105 _ay |||||||||
200 1 _aФранчайзинг и его использование в развитии малого и среднего бизнеса в России и Узбекистане
_fА.Б. Югай
210 _aМосква
_cКомпания Спутник+
_d2007
215 _a73 с.
_d21
320 _aБиблиогр.: с. 71-72 (19 назв.)
606 1 _aФранчайзинг
_yРоссийская Федерация
_92326434
_3RU\NLR\auth\661391492
606 1 _aФранчайзинг
_yУзбекистан, Республика
_92483280
_3RU\NLR\auth\661473975
686 _aУ9(2)-13(2Р)
686 _aУ9(2)-13(2У)
700 1 _aЮгай
_bА. Б.
_gАлександр Борисович
_4070
801 0 _aRU
_bNLR
_c20070820
_gRCR
801 1 _aRU
_bNLR
_c20070820
830 _aавт. по кн.
942 _cBOOK
980 _aNB